Katowice Linia Autobusowa nr. 5 - Statystyki

Ogólne statystyki
  • Ten quiz został rozwiązany 95 razy
  • Średni wynik to 22 z 46
Statystyki odpowiedzi
Nazwa Miasta Nazwa Przystanku % Poprawnych
Tarnowskie Góry Tarnowskie Góry Dworzec
83%
Katowice Katowice Plac Wolności
76%
Świerklaniec Świerklaniec Park
66%
Katowice Katowice Sokolska
64%
Piekary Śląskie Osiedle Wieczorka Dworzec
61%
Piekary Śląskie Kamień
59%
Katowice Katowice Chorzowska
59%
Piekary Śląskie Brzeziny Śląskie
58%
Piekary Śląskie Dąbrówka Wielka
56%
Siemianowice Śląskie Siemianowice Plac Skargi
54%
Świerklaniec Nakło Śląskie
53%
Piekary Śląskie Szarlej Poczta
53%
Katowice Koszutka Słoneczna
49%
Piekary Śląskie Kozłowa Góra
49%
Piekary Śląskie Piekary Bazylika
49%
Piekary Śląskie Szarlej Wyszyńskiego
49%
Piekary Śląskie Brzozowice
47%
Piekary Śląskie Osiedle Powstańców
47%
Świerklaniec Świerklaniec Szkoła
47%
Katowice Wełnowiec Plac Alfreda
47%
Piekary Śląskie Osiedle Wieczorka Szkoła
46%
Piekary Śląskie Dąbrówka Wielka Skrzyżowanie
44%
Katowice Koszutka Morcinka
44%
Świerklaniec Nakło Śląskie Pałac
44%
Piekary Śląskie Piekary Dwór
44%
Piekary Śląskie Piekary Lipka
44%
Tarnowskie Góry Tarnowskie Góry Księdza Siwca
44%
Tarnowskie Góry Tarnowskie Góry Stara
44%
Katowice Wełnowiec Gnieźnieńska
44%
Piekary Śląskie Kozłowa Góra Tarnogórska
42%
Siemianowice Śląskie Michałkowice Tarnogórska
42%
Piekary Śląskie Brzozowice Reymonta [nż]
41%
Siemianowice Śląskie Michałkowice Plac 11 Listopada
41%
Świerklaniec Świerklaniec Sady [nż]
41%
Piekary Śląskie Szarlej Osiedle Sowińskiego
41%
Siemianowice Śląskie Michałkowice Bank
39%
Siemianowice Śląskie Michałkowice Urząd Miasta
39%
Piekary Śląskie Brzeziny Śląskie Bednorza [nż]
37%
Siemianowice Śląskie Siemianowice Nowy Świat
36%
Siemianowice Śląskie Siemianowice Plac Wolności
36%
Piekary Śląskie Dąbrówka Wielka Przychodnia Zdrowia
34%
Piekary Śląskie Dąbrówka Wielka Rozalki [nż]
34%
Piekary Śląskie Brzeziny Śląskie Dom Kultury [nż]
32%
Piekary Śląskie Dąbrówka Wielka Przyjaźni [nż]
32%
Piekary Śląskie Dołki Kaplica
32%
Siemianowice Śląskie Siemianowice Łącząca
29%
Nie znaleziono quizów pasujących do podanych kryteriów
Rozkład punktacji
Procent ludzi z każdym wynikiem
Percentyl według liczby udzielonych odpowiedzi
Twoja historia wyników
Nie rozwiązałeś tego quizu